000 01184nam a22002777a 4500
001 02912
003 HDC
007 cr bn ---aaaaa
008 201224b20032003tai||||| |||| 00| 0 eng d
022 _a0379-7627
040 _aHDC
110 _aFood and Fertilizer Technology Center (FFTC)
245 0 _aFFTC Research Highlights
_b: Stimulation of sex change or ovarian development in protogynous grouper, Epinepheleus coioides : effect of dose exogenous androgens
_c/ Mariculture Research Center, Taiwan Fisheries Research Institute
260 _aTaiwan:
_bFood and Fertilizer Technology Center,
_c2003
300 _a1 online resource (2 pages)
336 _atext
_2rdacontent
337 _acomputer
_2rdamedia
338 _aonline resource
_2rdacarrier
500 _aExtract from: FFTC Research Highlights, March 2003
650 _aPlant biotechnology
_91349
710 _aMariculture Research Center, Taiwan Fisheries Research Institute
_eauthor
856 _zRequest full-text at [email protected]
942 _2lcc
942 _cAR
942 _kEMAG 000158
999 _c298
_d298